000 01001nam a22002537a 4500
005 20240530110909.0
008 220214s1995 ua g 000 0 ara d
017 _bمصر. دار الكتب
040 _aEG-CaGPL
_cEG-CaGPL
082 0 4 _221
_a327.112 /
_bن م
100 1 _aنيكسون ، ريتشارد
245 1 0 _aما وراء السلام /
_cنيكسون ، ريتشارد ؛ ترجمة مالك عباس
250 _aط. 1
260 _aالقاهرة :
_bالاهلية للنشر والتوزيع ؛
_c1995
300 _a271 ص. ؛
_c24 سم
650 0 7 _2qrmak
_aالولايات المتحدة الامريكية
651 0 7 _2qrmak
_aاسيا
_xالسياسة الخارجية
651 0 7 _aالصين
_xالسياسة الخارجية
651 0 7 _aروسيا
_xالسياسة الخارجية
653 _aالقرن الامريكى الجديد
700 0 _aمالك عباس
_eمترجم
942 _2ddc
_cBK
999 _c66267
_d66267